[Event "7th Sharjah Masters 2024"]
[Site "Sharjah UAE"]
[Date "2024.05.15"]
[Round "2.35"]
[White "Madaminov, Mukhiddin"]
[Black "Gupta, Abhijeet"]
[Result "1/2-1/2"]
[WhiteTitle "IM"]
[BlackTitle "GM"]
[WhiteElo "2506"]
[BlackElo "2604"]
[WhiteFideId "14210703"]
[BlackFideId "5010608"]
[EventDate "2024.05.14"]

1. e4 e5 2. Nf3 Nc6 3. Bb5 a6 4. Ba4 Nf6 5. O-O d6 6. c3 Bd7 7. d4 g6 8. Re1 Bg7
9. h3 O-O 10. Bc2 Nh5 11. a4 Qe8 12. Na3 f5 13. Nc4 fxe4 14. Bxe4 Qf7 15. dxe5
Be6 16. Bxc6 bxc6 17. Na5 Bd5 18. Ra3 Bxf3 19. Qxf3 Qxf3 20. gxf3 Bxe5 21. Nxc6
Bf4 22. Be3 Bxe3 23. Rxe3 Nf4 24. Rb3 Nxh3+ 25. Kf1 Nf4 26. Rb7 Rf7 27. Re7 Rxe7
28. Nxe7+ Kf7 29. Rxc7 Ne6 30. Rc8 Rxc8 31. Nxc8 d5 32. b4 Ke8 33. Nb6 d4 34.
cxd4 Nxd4 35. Nd5 Kd7 36. Nf6+ Kd6 37. Nxh7 Nc6 38. b5 axb5 39. axb5 Ne7 40. Nf8
Kc5 41. Ke2 Kxb5 42. Kd3 Kc5 43. Ke4 Kc4 44. f4 Kc3 45. Ne6 Kd2 46. Nd4 Ke1 47.
Kf3 Kd2 48. Ne6 Kd3 49. Nc5+ Kd4 50. Nd7 Kd3 51. Ne5+ Kd2 52. Kg4 Ke2 53. Kg5
Nd5 54. Nxg6 Nxf4 55. Nxf4+ Kxf2 1/2-1/2

[Event "7th Sharjah Masters 2024"]
[Site "Sharjah UAE"]
[Date "2024.05.15"]
[Round "2.37"]
[White "Yilmaz, Mustafa"]
[Black "Pranav, Anand"]
[Result "1/2-1/2"]
[WhiteTitle "GM"]
[BlackTitle "GM"]
[WhiteElo "2641"]
[BlackElo "2532"]
[WhiteFideId "6302718"]
[BlackFideId "46626786"]
[EventDate "2024.05.14"]

1. d4 d5 2. c4 e6 3. Nc3 Nf6 4. cxd5 exd5 5. Bg5 Bb4 6. e3 h6 7. Bh4 g5 8. Bg3
h5 9. Qb3 Bxc3+ 10. Qxc3 Nc6 11. f3 h4 12. Bf2 Qe7 13. h3 Bd7 14. Bd3 Nh5 15.
Ne2 f5 16. a3 O-O-O 17. Rc1 Ng3 18. Nxg3 hxg3 19. Bxg3 Qxe3+ 20. Be2 Qe7 21. Be5
Rh6 22. Bb5 g4 23. Bxc6 Bxc6 24. Qe3 Qh7 25. Kd2 gxh3 26. Rxh3 Rxh3 27. gxh3
Qxh3 28. Rg1 Qh5 29. Rg7 Rd7 30. Rg8+ Rd8 31. Rg7 Rd7 32. Rg5 Qh7 33. Qf4 Rf7
34. Qg3 Qh6 35. Bf4 Qf6 36. Rg8+ Rf8 37. Rxf8+ Qxf8 38. Bxc7 b6 39. Bf4 Qf7 40.
Qg5 Kb7 41. Qd8 Qd7 42. Qb8+ Ka6 43. b3 Qg7 44. Qc8+ Bb7 45. Qc3 Qg2+ 46. Kc1
Qf1+ 47. Kc2 Qe2+ 48. Bd2 Qb5 49. Kb2 Qe2 50. Kc1 Qf1+ 51. Kb2 Qe2 52. Kc2 Qb5
53. Qe3 Bc8 54. Qe5 Qc6+ 55. Kb2 Kb7 56. Bf4 a5 57. a4 Ka6 58. Qe2+ Ka7 59. Qe7+
Qd7 60. Qf8 Qe6 61. Be5 Qd7 62. Kc3 Qc6+ 63. Kd2 Ka6 64. Bd6 Bb7 65. Qe7 Bc8 66.
Qd8 Qd7 67. Qf8 Qc6 68. Be5 Bd7 69. Qd8 Qc8 70. Qe7 Qc6 71. Bf4 Bc8 72. Bd6 Qd7
73. Qe2+ Ka7 74. Bf4 Qe6 75. Be5 Qh6+ 76. Kc2 Ba6 77. Qf2 Qh3 78. Kb2 Qf1 79.
Qxf1 1/2-1/2

[Event "7th Sharjah Masters 2024"]
[Site "Sharjah UAE"]
[Date "2024.05.15"]
[Round "2.38"]
[White "Raja, Rithvik R"]
[Black "Mendonca, Leon Luke"]
[Result "1/2-1/2"]
[WhiteTitle "GM"]
[BlackTitle "GM"]
[WhiteElo "2524"]
[BlackElo "2640"]
[WhiteFideId "35007394"]
[BlackFideId "35028561"]
[EventDate "2024.05.14"]

1. c4 Nf6 2. g3 e6 3. Bg2 d5 4. Nf3 d4 5. O-O c5 6. e3 Nc6 7. exd4 cxd4 8. d3
Bd6 9. Bg5 h6 10. Bxf6 gxf6 11. Nbd2 Kf8 12. a3 a5 13. Rc1 f5 14. c5 Bc7 15. Re1
Qf6 16. Nc4 Kg7 17. Nfd2 Ra6 18. Nd6 Bxd6 19. cxd6 Rd8 20. Rc5 Rxd6 21. b4 axb4
22. axb4 Ra8 23. Nc4 Rd8 24. b5 Ne7 25. Rc7 Rd7 26. Rxd7 Bxd7 27. Nb6 Rd8 28.
Qa4 1/2-1/2

[Event "7th Sharjah Masters 2024"]
[Site "Sharjah UAE"]
[Date "2024.05.15"]
[Round "2.41"]
[White "Safarli, Eltaj"]
[Black "Samant, Aditya S"]
[Result "1-0"]
[WhiteTitle "GM"]
[BlackTitle "GM"]
[WhiteElo "2597"]
[BlackElo "2501"]
[WhiteFideId "13402129"]
[BlackFideId "35080580"]
[EventDate "2024.05.14"]

1. e4 c6 2. Nf3 d5 3. d3 dxe4 4. dxe4 Qxd1+ 5. Kxd1 Nf6 6. Nbd2 g6 7. Ne5 Bh6 8.
Bc4 O-O 9. f3 b5 10. Be2 Rd8 11. a4 b4 12. Bc4 e6 13. a5 Nfd7 14. Nd3 c5 15. Bb5
Bxd2 16. Bxd2 Ba6 17. Bxa6 Nxa6 18. Ke2 f6 19. g4 Rab8 20. g5 f5 21. Bf4 c4 22.
Ne5 Nxe5 23. Bxe5 Rb7 24. Rhd1 Rbd7 25. Rxd7 Rxd7 26. Rd1 Rxd1 27. Kxd1 Kf7 28.
Kd2 fxe4 29. fxe4 Nc5 30. Ke3 b3 31. cxb3 Nxb3 32. a6 Ke7 33. Bd4 Kd7 34. Bxa7
Kc6 35. Kf4 Kb5 36. Be3 Kxa6 37. Ke5 Kb5 38. Kxe6 Na1 39. Kd5 Nc2 40. Bd2 1-0

[Event "7th Sharjah Masters 2024"]
[Site "Sharjah UAE"]
[Date "2024.05.15"]
[Round "2.42"]
[White "Pranav, V"]
[Black "Suleymenov, Alisher"]
[Result "1-0"]
[WhiteTitle "GM"]
[BlackTitle "GM"]
[WhiteElo "2587"]
[BlackElo "2501"]
[WhiteFideId "25060783"]
[BlackFideId "13707833"]
[EventDate "2024.05.14"]

1. e4 c5 2. Nf3 Nc6 3. Nc3 g6 4. d4 cxd4 5. Nxd4 Bg7 6. Be3 Nf6 7. Bc4 O-O 8.
Bb3 a5 9. f3 Nxd4 10. Bxd4 d6 11. Qd2 Bd7 12. a4 Bc6 13. h4 Qe8 14. g4 e5 15.
Be3 d5 16. exd5 Bd7 17. h5 e4 18. h6 Bh8 19. g5 Nh5 20. O-O-O b5 21. Nxe4 bxa4
22. Ba2 Bf5 23. Bd4 Bxe4 24. fxe4 Be5 25. Kb1 Rb8 26. Bxe5 Qxe5 27. Qd4 Rfe8 28.
d6 Ng3 29. Rhe1 Rbd8 30. Qa7 Rf8 31. Qe7 Qf4 32. d7 a3 33. Qxa3 Rb8 34. Qc3 Nh5
35. e5 1-0

[Event "7th Sharjah Masters 2024"]
[Site "Sharjah UAE"]
[Date "2024.05.16"]
[Round "3.1"]
[White "Tabatabaei, M. Amin"]
[Black "Murzin, Volodar"]
[Result "1/2-1/2"]
[WhiteTitle "GM"]
[BlackTitle "GM"]
[WhiteElo "2707"]
[BlackElo "2634"]
[WhiteFideId "12521213"]
[BlackFideId "44155573"]
[EventDate "2024.05.14"]

1. d4 d5 2. c4 c6 3. Nf3 Nf6 4. Nc3 e6 5. Bg5 Nbd7 6. e3 Be7 7. Qc2 h6 8. Bh4
O-O 9. Rg1 Ne4 10. Bxe7 Qxe7 11. O-O-O f5 12. Kb1 a6 13. g3 b5 14. Nh4 Qb4 15.
Nxe4 fxe4 16. cxd5 exd5 17. g4 Rf6 18. Nf5 Nb6 19. Ng3 Qf8 20. Rd2 Nc4 21. Bxc4
bxc4 22. Nh5 Rf3 23. g5 Qf7 24. g6 Qf8 25. Ka1 a5 26. b3 Ba6 27. Rb1 Qd6 28.
bxc4 Qxg6 29. Nf4 Rxf4 30. exf4 Bxc4 31. Qc3 Qf6 32. f3 Re8 33. Re1 Qf7 34. fxe4
dxe4 35. Rg2 Bd5 36. Qe3 Kh7 37. Reg1 Rg8 38. h4 Qf6 39. h5 c5 40. Rg6 Qxd4+ 41.
Qxd4 cxd4 42. Rd6 Bf7 43. Rxd4 Re8 44. Ra4 Bxh5 45. Rxa5 Bf7 46. a4 e3 47. Re5
g5 48. Re1 gxf4 49. Rf5 Re4 50. Rxf7+ Kg6 51. Rf8 Kg7 1/2-1/2

[Event "7th Sharjah Masters 2024"]
[Site "Sharjah UAE"]
[Date "2024.05.16"]
[Round "3.2"]
[White "Fedoseev, Vladimir3"]
[Black "Salem, A.R. Saleh"]
[Result "0-1"]
[WhiteTitle "GM"]
[BlackTitle "GM"]
[WhiteElo "2702"]
[BlackElo "2629"]
[WhiteFideId "24130737"]
[BlackFideId "9301348"]
[EventDate "2024.05.14"]

1. d4 Nf6 2. c4 g6 3. h4 d6 4. Nc3 Nbd7 5. Qc2 c5 6. d5 a6 7. e4 b5 8. cxb5 Bg7
9. bxa6 O-O 10. h5 Nxh5 11. g4 Nhf6 12. g5 Nh5 13. Be2 Bxa6 14. Bxh5 gxh5 15. f4
e6 16. Nge2 Qe8 17. dxe6 fxe6 18. Ng3 Ne5 19. fxe5 Bxe5 20. Qg2 Rb8 21. Nxh5 Qg6
22. Be3 d5 23. O-O-O d4 24. Rdg1 dxc3 25. b3 Bd3 26. Qh3 Rxb3 27. axb3 Ra8 28.
Kd1 Qxh5+ 29. Qxh5 Ra1+ 30. Bc1 Rxc1+ 0-1

[Event "7th Sharjah Masters 2024"]
[Site "Sharjah UAE"]
[Date "2024.05.16"]
[Round "3.3"]
[White "Niemann, Hans Moke"]
[Black "Theodorou, Nikolas"]
[Result "1-0"]
[WhiteTitle "GM"]
[BlackTitle "GM"]
[WhiteElo "2689"]
[BlackElo "2617"]
[WhiteFideId "2093596"]
[BlackFideId "4262875"]
[EventDate "2024.05.14"]

1. e4 e5 2. Nf3 Nc6 3. Bb5 Nge7 4. O-O Ng6 5. d4 exd4 6. Nxd4 Bc5 7. Be3 Bxd4 8.
Bxd4 Qg5 9. Bxc6 dxc6 10. f4 Nxf4 11. Qd2 Ne6 12. Qxg5 Nxg5 13. Bxg7 Rg8 14. Bf6
h5 15. Nd2 Be6 16. Rae1 b6 17. Re3 Rg6 18. Rd3 c5 19. b3 Rc8 20. c4 Nh7 21. Bh4
Ng5 22. e5 Bg4 23. Rf2 Be6 24. Kh1 a6 25. a4 Rb8 26. h3 Ra8 27. Rf1 Rb8 28. Kh2
Ra8 29. Rf4 Rb8 30. Rf2 Ra8 31. Rf4 Rb8 32. Kh1 Ra8 33. Nf1 Bd7 34. Ng3 Bc6 35.
Kh2 b5 36. Rf5 Ne6 37. Rxh5 Rg8 38. Rh6 bxc4 39. bxc4 Rb8 40. Rd2 Rb1 41. Nh5
Kf8 42. Rf2 Rf1 43. Rb2 Rb1 44. Rf2 Rf1 45. Rhf6 Rxf2 46. Rxf2 Bxg2 47. Rxg2 1-0

[Event "7th Sharjah Masters 2024"]
[Site "Sharjah UAE"]
[Date "2024.05.16"]
[Round "3.4"]
[White "Aravindh, Chithambaram VR."]
[Black "Krzyzanowski, Marcin"]
[Result "1-0"]
[WhiteTitle "GM"]
[BlackTitle "GM"]
[WhiteElo "2671"]
[BlackElo "2526"]
[WhiteFideId "5072786"]
[BlackFideId "1132199"]
[EventDate "2024.05.14"]

1. d4 Nf6 2. c4 e6 3. Nc3 Bb4 4. Qc2 O-O 5. e4 d6 6. a3 Bxc3+ 7. bxc3 e5 8. Bd3
Re8 9. Ne2 c5 10. d5 Nbd7 11. f3 Nf8 12. Be3 Ng6 13. h4 Nh5 14. Qd2 h6 15. Kf2
f5 16. exf5 e4 17. Bxe4 Ne5 18. Nf4 Nxc4 19. Qe2 Nxf4 20. Bxf4 b5 21. g4 Rb8 22.
Qc2 Ne5 23. g5 h5 24. Rab1 a5 25. Rhg1 Kh8 26. Bxe5 dxe5 27. Qe2 c4 28. Rg3 Rf8
29. Qc2 Qb6+ 30. Kg2 Qe3 31. f4 Qxf4 32. Rf1 Qxh4 33. Rh1 Qf4 34. Rf1 Qh4 35.
Rh1 Qf4 36. Rxh5+ Kg8 37. f6 gxf6 38. gxf6+ Kf7 39. Bg6+ Kxf6 40. Rf3 Rg8 41.
Rxf4+ exf4 42. Rf5+ Bxf5 43. Qxf5+ Kg7 44. Qf7+ Kh6 45. Qh7+ Kg5 46. Qh5+ Kf6
47. Qf5+ Kg7 48. Kf3 1-0

[Event "7th Sharjah Masters 2024"]
[Site "Sharjah UAE"]
[Date "2024.05.16"]
[Round "3.5"]
[White "Puranik, Abhimanyu"]
[Black "Maghsoodloo, Parham"]
[Result "1-0"]
[WhiteTitle "GM"]
[BlackTitle "GM"]
[WhiteElo "2631"]
[BlackElo "2733"]
[WhiteFideId "5061245"]
[BlackFideId "12539929"]
[EventDate "2024.05.14"]

1. e4 c5 2. Nf3 d6 3. d4 cxd4 4. Nxd4 Nf6 5. Nc3 a6 6. Be3 e5 7. Nb3 Be7 8. f3
Be6 9. Qd2 h5 10. Nd5 Nxd5 11. exd5 Bf5 12. Be2 a5 13. a4 Nd7 14. O-O O-O 15. f4
exf4 16. Bxf4 Bg6 17. Bb5 Nf6 18. Rae1 Ne4 19. Qe2 Bh4 20. g3 Bf6 21. Qg2 Qb6+
22. Kh1 Rae8 23. Be3 Qc7 24. Bxe8 Rxe8 25. Bd4 Bxd4 26. Nxd4 Qc4 27. c3 Re5 28.
Kg1 Qxa4 29. Ra1 Qd7 30. Rxa5 Ng5 31. h4 Be4 32. Ra8+ Kh7 33. Qe2 Bg6 34. Qd2
Ne4 35. Qg2 Qc7 36. Rf4 Qc5 37. Kh2 Nf6 38. Nf3 Nxd5 39. Nxe5 dxe5 40. Rfa4 b5
41. Rd8 Nf6 42. Rb4 Qe3 43. Rd2 e4 44. Qe2 Qa7 45. Rdd4 Ng4+ 46. Kg2 f5 47. Rxb5
Qa6 48. Rd8 Bf7 49. Rh8+ Kg6 50. Qd2 e3 51. Qd3 Qc6+ 52. Kg1 Qf3 53. Rb6+ Nf6
54. Qf1 Qe4 55. Qf4 Qb1+ 56. Kh2 Bd5 57. Qg5+ Kf7 58. Rxf6+ gxf6 59. Qg8+ Ke7
60. Qxd5 1-0

[Event "7th Sharjah Masters 2024"]
[Site "Sharjah UAE"]
[Date "2024.05.16"]
[Round "3.7"]
[White "Yuffa, Daniil"]
[Black "Sarana, Alexey"]
[Result "1/2-1/2"]
[WhiteTitle "GM"]
[BlackTitle "GM"]
[WhiteElo "2617"]
[BlackElo "2706"]
[WhiteFideId "24131423"]
[BlackFideId "24133795"]
[EventDate "2024.05.14"]

1. Nf3 d5 2. c4 d4 3. b4 c5 4. b5 Qc7 5. g3 e5 6. d3 Nf6 7. Bg2 Bd6 8. O-O Nbd7
9. a4 Nf8 10. e3 Ne6 11. a5 Rb8 12. exd4 cxd4 13. Re1 O-O 14. b6 axb6 15. Na3
Bd7 16. axb6 Qxb6 17. Nxe5 Bxe5 18. Rxe5 Bc6 19. Bh3 Nd7 20. Re1 Ndc5 21. Nc2
Ra8 22. Ba3 Ng5 23. Bg2 Bxg2 24. Kxg2 Qc6+ 25. f3 Qd6 26. Bxc5 Qxc5 27. Rb1 Qc8
28. Rb5 Ne6 29. Nb4 Re8 30. Qd2 h6 31. Rbe5 Qd7 32. f4 Nc7 33. Rxe8+ Rxe8 34.
Rxe8+ Qxe8 35. Qf2 Qa4 36. Qxd4 1/2-1/2

[Event "7th Sharjah Masters 2024"]
[Site "Sharjah UAE"]
[Date "2024.05.16"]
[Round "3.8"]
[White "Sindarov, Javokhir"]
[Black "Petrosyan, Manuel"]
[Result "1/2-1/2"]
[WhiteTitle "GM"]
[BlackTitle "GM"]
[WhiteElo "2684"]
[BlackElo "2618"]
[WhiteFideId "14205483"]
[BlackFideId "13300857"]
[EventDate "2024.05.14"]

1. e4 e5 2. Nf3 Nc6 3. Bc4 Bc5 4. O-O Nf6 5. d3 O-O 6. c3 d6 7. Re1 a5 8. Bg5 h6
9. Bh4 Ba7 10. Na3 g5 11. Bg3 g4 12. Bh4 Kg7 13. Nc2 Ne7 14. Bxf6+ Kxf6 15. Nh4
Kg7 16. Ne3 h5 17. d4 f5 18. Nhxf5+ Nxf5 19. exf5 Bxf5 20. Nxf5+ Rxf5 21. Qb3
Bb6 22. Bd3 Rf7 23. Re2 a4 24. Qd5 c6 25. Qe4 Qg5 26. dxe5 dxe5 27. Kh1 Raf8 28.
Rf1 h4 29. f4 Rf5 30. Rd2 exf4 31. Rdd1 R8f7 32. h3 f3 33. hxg4 fxg2+ 34. Kxg2
h3+ 35. Kh1 Rxf1+ 36. Rxf1 Rxf1+ 37. Bxf1 Qc5 38. Qd4+ Qxd4 39. cxd4 Bxd4 40. b3
Kf6 41. bxa4 c5 42. a5 Kg5 43. a6 bxa6 44. Bxa6 Kxg4 45. a4 Kg3 46. Bc4 Bc3 47.
Be6 Kf4 1/2-1/2

[Event "7th Sharjah Masters 2024"]
[Site "Sharjah UAE"]
[Date "2024.05.16"]
[Round "3.9"]
[White "Aditya, Mittal"]
[Black "Shankland, Sam"]
[Result "0-1"]
[WhiteTitle "GM"]
[BlackTitle "GM"]
[WhiteElo "2608"]
[BlackElo "2671"]
[WhiteFideId "35042025"]
[BlackFideId "2004887"]
[EventDate "2024.05.14"]

1. d4 Nf6 2. Nf3 g6 3. c4 Bg7 4. Nc3 O-O 5. e4 d6 6. Be2 e5 7. O-O Bg4 8. d5 a5
9. h3 Bxf3 10. Bxf3 Nbd7 11. Rb1 h5 12. Bg5 Qe8 13. a3 Nh7 14. Be3 Bf6 15. g3
Bg5 16. Bxg5 Nxg5 17. Bg2 Qe7 18. f4 Nh7 19. f5 Kh8 20. Kh2 Rg8 21. Qd2 a4 22.
Nb5 Ndf6 23. c5 dxc5 24. d6 cxd6 25. Qxd6 Rge8 26. Rfd1 Ra6 27. Qd2 Kg7 28. Rbc1
Rc8 29. Rc4 Rcc6 30. Qc3 Nd7 31. Qd2 Nhf6 32. Bf1 Nb6 33. Rc2 Nxe4 34. Qe2 Nf6
35. Bg2 e4 36. Nc3 gxf5 37. Rf1 Qe5 38. Qe3 Kg6 39. Rcf2 Nbd5 40. Qc1 Ne7 41.
Ne2 Rab6 42. Nf4+ Kh7 43. Qc4 Kg7 44. Qxa4 h4 45. gxh4 Ng6 46. Kg1 Rxb2 47. Nh5+
Nxh5 48. Rxf5 Rxg2+ 49. Kxg2 Nxh4+ 0-1

[Event "7th Sharjah Masters 2024"]
[Site "Sharjah UAE"]
[Date "2024.05.16"]
[Round "3.11"]
[White "Daneshvar, Bardiya"]
[Black "Ter-Sahakyan, Samvel"]
[Result "1/2-1/2"]
[WhiteTitle "GM"]
[BlackTitle "GM"]
[WhiteElo "2582"]
[BlackElo "2652"]
[WhiteFideId "12576468"]
[BlackFideId "13302531"]
[EventDate "2024.05.14"]

1. c4 e6 2. Nc3 d5 3. d4 Nf6 4. cxd5 exd5 5. Bg5 Bb4 6. Nf3 h6 7. Bh4 Bf5 8.
Qa4+ Nc6 9. e3 g5 10. Bg3 O-O 11. Bb5 Bxc3+ 12. bxc3 Ne7 13. Qa3 Ne4 14. Nd2
Nxd2 15. Kxd2 Bg6 16. h3 Nf5 17. Be5 Nd6 18. Bxd6 cxd6 19. Qb3 Qf6 20. f3 Qe6
21. c4 dxc4 22. Bxc4 Qe7 23. Bd5 Rac8 1/2-1/2

[Event "7th Sharjah Masters 2024"]
[Site "Sharjah UAE"]
[Date "2024.05.16"]
[Round "3.13"]
[White "Erigaisi, Arjun"]
[Black "Kacharava, Nikolozi"]
[Result "1-0"]
[WhiteTitle "GM"]
[BlackTitle "GM"]
[WhiteElo "2762"]
[BlackElo "2527"]
[WhiteFideId "35009192"]
[BlackFideId "13611860"]
[EventDate "2024.05.14"]

1. d4 d5 2. c4 dxc4 3. Nf3 Nf6 4. e3 e6 5. Bxc4 c5 6. O-O a6 7. Be2 Nc6 8. dxc5
Bxc5 9. Nbd2 O-O 10. a3 Be7 11. b4 Nd5 12. Bb2 Bf6 13. Qc2 Bd7 14. Ne4 Bxb2 15.
Qxb2 Qe7 16. Nc5 Rfd8 17. Nxd7 Rxd7 18. Nd2 Rad8 19. Nb3 Nb6 20. Rfc1 e5 21. h3
Rd6 22. Rc2 e4 23. Nc5 f5 24. b5 axb5 25. Qxb5 Na7 26. Qa5 Nac8 27. Nb3 Qf6 28.
Rac1 Ne7 29. Nc5 Ra8 30. Qb4 Ned5 31. Qb5 Qf7 32. a4 Nc7 33. Qb4 Nbd5 34. Qa3 b5
35. Nxe4 Rg6 36. Nc5 Kh8 37. Nd3 Rxa4 38. Ne5 Rxa3 39. Nxf7+ Kg8 40. Rxc7 Nxc7
41. Rxc7 Rb6 42. Ne5 Ra8 43. Bf3 Rf8 44. Nd7 1-0

[Event "7th Sharjah Masters 2024"]
[Site "Sharjah UAE"]
[Date "2024.05.16"]
[Round "3.14"]
[White "Safarli, Eltaj"]
[Black "Radjabov, Teimour"]
[Result "1/2-1/2"]
[WhiteTitle "GM"]
[BlackTitle "GM"]
[WhiteElo "2597"]
[BlackElo "2723"]
[WhiteFideId "13402129"]
[BlackFideId "13400924"]
[EventDate "2024.05.14"]

1. e4 e5 2. Nf3 Nf6 3. Nxe5 d6 4. Nf3 Nxe4 5. d4 d5 6. Bd3 Bd6 7. O-O O-O 8. c4
c6 9. Nc3 Nxc3 10. bxc3 dxc4 11. Bxc4 Bf5 12. Bg5 Qa5 13. Nh4 Be6 14. Bxe6 Qxg5
15. Nf3 Qa5 16. Bh3 Qxc3 17. Rb1 b6 18. Rb3 Qa5 19. d5 cxd5 20. Ng5 g6 21. Rd3
Nc6 22. Bd7 Ne7 23. Qa1 d4 24. Nxh7 Kxh7 25. Qxd4 Be5 26. Qh4+ Kg7 27. Qxe7 Qc5 1/2-1/2

[Event "7th Sharjah Masters 2024"]
[Site "Sharjah UAE"]
[Date "2024.05.16"]
[Round "3.15"]
[White "Artemiev, Vladislav"]
[Black "Pranav, V"]
[Result "1/2-1/2"]
[WhiteTitle "GM"]
[BlackTitle "GM"]
[WhiteElo "2705"]
[BlackElo "2587"]
[WhiteFideId "24101605"]
[BlackFideId "25060783"]
[EventDate "2024.05.14"]

1. e4 e5 2. Nf3 Nc6 3. Bb5 a6 4. Ba4 Nf6 5. O-O Be7 6. Re1 d6 7. c3 Bg4 8. d3
Nd7 9. Be3 h6 10. Nbd2 Bg5 11. Bxc6 bxc6 12. d4 c5 13. Bxg5 hxg5 14. h3 Bxf3 15.
Nxf3 Qf6 16. Qa4 g4 17. hxg4 Qh6 18. Kf1 Rb8 19. b3 Qf4 20. dxe5 dxe5 21. g5 Rb6
22. Ke2 Rd6 23. Rh1 Rxh1 24. Rxh1 Qg4 25. g3 Rd3 26. Rh8+ Ke7 27. Kxd3 Qxf3+ 28.
Kc2 Qxf2+ 29. Kb1 Qe1+ 30. Kb2 Qd2+ 31. Kb1 Qd1+ 32. Kb2 Qd2+ 33. Kb1 1/2-1/2

[Event "7th Sharjah Masters 2024"]
[Site "Sharjah UAE"]
[Date "2024.05.16"]
[Round "3.17"]
[White "Narayanan, S.L."]
[Black "Nesterov, Arseniy"]
[Result "0-1"]
[WhiteTitle "GM"]
[BlackTitle "GM"]
[WhiteElo "2695"]
[BlackElo "2590"]
[WhiteFideId "5058422"]
[BlackFideId "24198455"]
[EventDate "2024.05.14"]

1. c4 e6 2. Nc3 d5 3. d4 Nf6 4. cxd5 exd5 5. Bg5 c6 6. e3 Be7 7. Bd3 O-O 8. Nf3
Re8 9. Bf4 Nh5 10. Be5 Nd7 11. Qc2 g6 12. h3 Nxe5 13. dxe5 b5 14. O-O Bd7 15.
Rad1 Bf8 16. Rfe1 Qb6 17. Bf1 Rad8 18. e4 b4 19. Na4 Qa5 20. exd5 cxd5 21. b3
Nf4 22. Kh2 Ne6 23. Nd4 Nxd4 24. Rxd4 Bxa4 25. bxa4 b3 26. Qd1 bxa2 27. Re2 Rxe5
28. Rxa2 Re1 29. Qd3 Bg7 30. Rh4 Bf6 31. Rg4 h5 32. Rxg6+ fxg6 33. Qxg6+ Bg7 34.
Bd3 Qc7+ 35. f4 Qxf4+ 36. g3 Qh6 0-1

[Event "7th Sharjah Masters 2024"]
[Site "Sharjah UAE"]
[Date "2024.05.16"]
[Round "3.19"]
[White "Sjugirov, Sanan"]
[Black "Muradli, Mahammad"]
[Result "0-1"]
[WhiteTitle "GM"]
[BlackTitle "GM"]
[WhiteElo "2692"]
[BlackElo "2561"]
[WhiteFideId "4189302"]
[BlackFideId "13409301"]
[EventDate "2024.05.14"]

1. e4 c5 2. Nf3 d6 3. d4 cxd4 4. Nxd4 Nf6 5. Nc3 a6 6. Be3 e5 7. Nb3 Be6 8. f3
h5 9. Be2 Nbd7 10. f4 Rc8 11. f5 Bc4 12. Bxc4 Rxc4 13. Qd3 Qc8 14. O-O Be7 15.
h3 b5 16. a3 O-O 17. Bf2 Qc7 18. Qf3 Rc8 19. Rfe1 Qb8 20. Kh1 Bd8 21. Qd3 Bb6
22. Bxb6 Nxb6 23. Nd2 R4c6 24. Rab1 Nc4 25. Nxc4 Rxc4 26. Rbd1 R4c6 27. Re2 b4
28. axb4 Qxb4 29. Nd5 Nxd5 30. exd5 Rc4 31. c3 Qb5 32. Rf2 f6 33. Qe2 h4 34. Qh5
a5 35. Kh2 a4 36. Rdd2 Qe8 37. Qe2 a3 38. bxa3 Rxc3 39. Ra2 e4 40. Rf1 Qe5+ 41.
Kh1 Rc1 42. a4 Qxd5 43. Ra1 Rxf1+ 44. Qxf1 Ra8 45. Qe1 Qxf5 46. a5 d5 47. a6 d4
48. a7 e3 49. Qxh4 Qe5 50. Qe1 d3 51. Ra3 d2 52. Qe2 Qd4 53. Rd3 Qxa7 54. Qg4
Qa1+ 55. Kh2 Qe5+ 56. g3 f5 57. Qc4+ Kh7 58. Rd4 Ra6 59. Rd8 Re6 60. Qe2 f4 61.
Qd3+ Qe4 0-1

[Event "7th Sharjah Masters 2024"]
[Site "Sharjah UAE"]
[Date "2024.05.16"]
[Round "3.20"]
[White "Blohberger, Felix"]
[Black "Nihal, Sarin"]
[Result "1/2-1/2"]
[WhiteTitle "GM"]
[BlackTitle "GM"]
[WhiteElo "2506"]
[BlackElo "2680"]
[WhiteFideId "1632051"]
[BlackFideId "25092340"]
[EventDate "2024.05.14"]

1. d4 Nf6 2. c4 e6 3. Nf3 d5 4. g3 Bb4+ 5. Bd2 Be7 6. Bg2 O-O 7. O-O c6 8. Qc2
Nbd7 9. Bf4 b6 10. cxd5 cxd5 11. Rc1 a5 12. Nc3 Ba6 13. a4 Rc8 14. Qd1 Nh5 15.
e3 Nxf4 16. exf4 g6 17. Bf1 Bxf1 18. Kxf1 Nf6 19. Qd3 Qc7 1/2-1/2

[Event "7th Sharjah Masters 2024"]
[Site "Sharjah UAE"]
[Date "2024.05.16"]
[Round "3.21"]
[White "Martirosyan, Haik M."]
[Black "Sanal, Vahap"]
[Result "1/2-1/2"]
[WhiteTitle "GM"]
[BlackTitle "GM"]
[WhiteElo "2679"]
[BlackElo "2566"]
[WhiteFideId "13306553"]
[BlackFideId "6300545"]
[EventDate "2024.05.14"]

1. d4 Nf6 2. c4 e6 3. Nf3 b6 4. g3 Bb7 5. Bg2 Bb4+ 6. Bd2 Bxd2+ 7. Qxd2 O-O 8.
O-O d6 9. Qd3 c5 10. Nc3 Nc6 11. e4 e5 12. dxe5 dxe5 13. Nd5 Re8 14. Rae1 Qd6
15. Nd2 Nd4 16. f4 Nxd5 17. cxd5 f6 18. Nc4 Qd7 19. fxe5 fxe5 20. Rf2 Ba6 21.
Ref1 Qa4 22. b3 Bxc4 23. bxc4 Qd7 24. Qd1 Qe7 25. Qg4 Rf8 26. h4 Rxf2 27. Rxf2
Rd8 28. h5 h6 29. Bh3 Rd6 30. Kg2 Qd8 31. a4 a5 32. Qc8 Qxc8 33. Bxc8 Rf6 34.
Bf5 Kf8 35. g4 Ke7 36. Kg3 Rf8 37. Kh4 Rf6 38. g5 hxg5+ 39. Kxg5 Kd6 40. Kg4 Ke7
41. Rg2 Kf8 42. Rg3 Ne2 43. Re3 Nd4 44. Kg5 Ke7 45. Rh3 Kd6 46. Bg4 Ke7 47. Rh1
Kd6 48. Bd1 Ke7 49. h6 gxh6+ 50. Rxh6 Rxh6 51. Kxh6 Kf6 52. Kh5 Kg7 53. Kg5 Kf7
54. Kh4 Kf6 55. Kh5 Kg7 56. Kg5 Kf7 57. Kh6 Kf6 58. Kh5 Kg7 1/2-1/2

[Event "7th Sharjah Masters 2024"]
[Site "Sharjah UAE"]
[Date "2024.05.16"]
[Round "3.23"]
[White "Mishra, Abhimanyu"]
[Black "Horvath, Dominik"]
[Result "1/2-1/2"]
[WhiteTitle "GM"]
[BlackTitle "IM"]
[WhiteElo "2634"]
[BlackElo "2554"]
[WhiteFideId "30920019"]
[BlackFideId "1642561"]
[EventDate "2024.05.14"]

1. e4 e5 2. Nf3 Nf6 3. d4 Nxe4 4. Bd3 Nc6 5. Nxe5 Nxe5 6. dxe5 d5 7. exd6 Nc5 8.
dxc7 Nxd3+ 9. Qxd3 Qxd3 10. cxd3 Bd6 11. Nc3 Bxc7 12. Be3 O-O 13. O-O Rd8 14.
Rfd1 Bf5 15. d4 Ba5 16. d5 Bxc3 17. bxc3 Rac8 18. Rac1 Rc4 19. Bxa7 f6 20. Rd2
Kf7 21. Be3 b5 22. Bb6 Rdc8 23. d6 Rxc3 24. Rxc3 Rc7 25. Rc4 Rxc4 26. h3 Rc3 27.
Re2 1/2-1/2